000
00342nam a2200145Ia 4500
003
OSt
005
20240312100521.0
008
170524s9999 xx 000 0 und d
020
_a
978-9353166526
040
_c
IIMTU
100
_a
CHANDRA- PRASANNA
245
0
_a
Financial Management
260
_b
TATA MCGRAW HILL NEW DELHI
942
_2
ddc
_c
02
999
_c
8509
_d
8509